[Event "4NCL 3 South pool A"]
[Site "Telford, ENG ENG"]
[Date "2016.02.13"]
[Round "5.55"]
[White "Brown, Thomas"]
[Black "Jones, Christopher M"]
[Result "0-1"]
[WhiteElo "2092"]
[BlackElo "2121"]
[PlyCount "156"]
[EventDate "2016.02.13"]
[WhiteTeam "Rhyfelwyr Essyllwg"]
[BlackTeam "The Rookies"]

1. d4 d5 2. c4 e5 3. dxe5 d4 4. Nf3 Nc6 5. g3 Be6 6. Nbd2 f6 7. Qa4 Qd7 8. exf6
Nxf6 9. Bg2 Be7 10. O-O O-O 11. b3 Bh3 12. Bb2 Rad8 13. Rad1 Qg4 14. Qb5 Bxg2
15. Kxg2 Nh5 16. Qxb7 Rf6 17. e3 Rdf8 18. h3 Qg6 19. Bxd4 Rxf3 20. Nxf3 Qe4 21.
Qb5 Qxf3+ 22. Kh2 Rf5 23. Qb7 Nxd4 24. Qxc7 Qe2 25. Kg2 Qf3+ 26. Kh2 Nc6 27. g4
Rf8 28. gxh5 Bf6 29. Qd7 Kh8 30. Qg4 Be5+ 31. Kg1 Qf6 32. f4 Bc7 33. Rd5 Ne7
34. Rd3 Bb6 35. Qg5 Qe6 36. c5 Rf5 37. Qg4 Bxc5 38. Rd8+ Ng8 39. Rf3 Bxe3+ 40.
Kg2 Bb6 41. Rg3 Qf7 42. h6 g6 43. Rdd3 Nxh6 44. Qf3 Rxf4 45. Qa8+ Qf8 46. Qxf8+
Rxf8 47. Rd7 Rf2+ 48. Kh1 Nf7 49. a4 Ne5 50. Rd1 a5 51. Rb1 Bc5 52. Rc1 Bb6 53.
Rc8+ Kg7 54. Rb8 Bc5 55. Rb5 Nf3 56. Rxf3 Rxf3 57. Rxc5 Rxh3+ 58. Kg2 Rxb3 59.
Rxa5 Ra3 60. Ra8 h5 61. a5 Kh6 62. a6 Kg7 63. a7 g5 64. Kf2 g4 65. Kg2 Kh7 66.
Kh2 h4 67. Kg2 Ra2+ 68. Kg1 h3 69. Rb8 Rxa7 70. Rb4 Rg7 71. Kh1 Kh6 72. Rb3 Kh5
73. Kh2 Kh4 74. Rg3 Rc7 75. Rg1 Rc2+ 76. Kh1 g3 77. Ra1 Kg4 78. Kg1 h2+ 0-1

[Event "4NCL 3 South pool A"]
[Site "Telford, ENG ENG"]
[Date "2016.02.13"]
[Round "5.56"]
[White "Byron, Alan M"]
[Black "Trevelyan, John"]
[Result "1-0"]
[WhiteElo "2122"]
[BlackElo "2087"]
[PlyCount "97"]
[EventDate "2016.02.13"]
[WhiteTeam "The Rookies"]
[BlackTeam "Rhyfelwyr Essyllwg"]

1. e4 d6 2. f4 Nf6 3. Nc3 d5 4. e5 d4 5. Nce2 Nd5 6. Nxd4 Nxf4 7. Ngf3 e6 8.
Nb3 Ng6 9. d4 c5 10. c3 cxd4 11. cxd4 Nc6 12. Bd3 Be7 13. O-O O-O 14. Qe2 a5
15. a4 Nb4 16. Be4 Nd5 17. g3 b6 18. Bd2 Ba6 19. Bd3 Bxd3 20. Qxd3 Qd7 21. h4
Nb4 22. Qe4 Rfc8 23. Bg5 h6 24. h5 hxg5 25. hxg6 f5 26. Qe2 Qe8 27. Nh4 g4 28.
Rxf5 exf5 29. Nxf5 Bg5 30. Qxg4 Bh6 31. Nd6 Be3+ 32. Kg2 Rc2+ 33. Kh3 Qe7 34.
Rf1 Rf8 35. Rf7 Bg1 36. Rxf8+ Kxf8 37. Qf5+ Kg8 38. Nc5 Rf2 39. Nc8 Qf8 40.
Qe6+ Kh8 41. Ne4 Rh2+ 42. Kg4 Nd3 43. Ncd6 Nf2+ 44. Nxf2 Rxf2 45. Nf7+ Rxf7 46.
gxf7 Bxd4 47. Qd5 Be3 48. e6 Bh6 49. e7 1-0

[Event "4NCL 3 South pool A"]
[Site "Telford, ENG ENG"]
[Date "2016.02.13"]
[Round "5.57"]
[White "Kirby, Peter J"]
[Black "Compton, Alistair"]
[Result "0-1"]
[WhiteElo "2015"]
[BlackElo "2082"]
[PlyCount "78"]
[EventDate "2016.02.13"]
[WhiteTeam "Rhyfelwyr Essyllwg"]
[BlackTeam "The Rookies"]

1. d4 e6 2. Nf3 d5 3. c4 c5 4. cxd5 exd5 5. g3 Nc6 6. Bg2 Nf6 7. O-O Be7 8. Nc3
O-O 9. dxc5 Bxc5 10. Na4 Be7 11. Be3 Bg4 12. Rc1 Re8 13. Nc5 Qb6 14. Nb3 Qa6
15. a3 Rad8 16. Re1 Bxf3 17. Bxf3 Ne5 18. Bg2 Nc4 19. Bd4 b6 20. Qd3 Qb5 21.
Nd2 Nd6 22. Rc7 Rd7 23. Rec1 Qxd3 24. exd3 Rxc7 25. Rxc7 Nb5 26. Rxe7 Rxe7 27.
Bxf6 Re1+ 28. Nf1 gxf6 29. Bxd5 Rb1 30. a4 Nd4 31. Bc4 Rxb2 32. Ne3 Ne2+ 33.
Kg2 Nc3 34. Nf5 Nxa4 35. Ne7+ Kf8 36. Nc6 b5 37. Bd5 Nc3 38. Bf3 b4 39. Nxa7
Ra2 0-1

[Event "4NCL 3 South pool A"]
[Site "Telford, ENG ENG"]
[Date "2016.02.13"]
[Round "5.58"]
[White "Gibson, Christopher A"]
[Black "Van Kemenade, Rudy"]
[Result "0-1"]
[WhiteElo "1956"]
[BlackElo "1967"]
[PlyCount "58"]
[EventDate "2016.02.13"]
[WhiteTeam "The Rookies"]
[BlackTeam "Rhyfelwyr Essyllwg"]

1. d4 d6 2. e4 Nf6 3. Nc3 e5 4. Nf3 Nbd7 5. Bc4 Be7 6. a4 c6 7. O-O h6 8. h3
Qc7 9. Qe2 Nf8 10. dxe5 dxe5 11. Nh4 g6 12. f4 Nh5 13. Bxf7+ Kxf7 14. fxe5+ Kg7
15. Qf2 Be6 16. g4 Qxe5 17. gxh5 Qxh5 18. Ng2 Qxh3 19. Ne2 Qg4 20. b4 Kg8 21.
Nef4 Bc4 22. Nd5 Bxd5 23. exd5 Rh7 24. Ra3 Bd6 25. Qf6 Bxb4 26. Raf3 Nd7 27.
Qb2 Re8 28. Rf4 Bc5+ 29. R4f2 Ne5 0-1

[Event "4NCL 3 South pool A"]
[Site "Telford, ENG ENG"]
[Date "2016.02.13"]
[Round "5.59"]
[White "Hatchett, Paul"]
[Black "Jaszkiwskyj, Peter"]
[Result "1-0"]
[WhiteElo "1983"]
[BlackElo "1982"]
[PlyCount "83"]
[EventDate "2016.02.13"]
[WhiteTeam "Rhyfelwyr Essyllwg"]
[BlackTeam "The Rookies"]

1. e4 e6 2. d3 d5 3. Nd2 c5 4. Ngf3 Nc6 5. g3 Nge7 6. Bg2 g6 7. O-O Bg7 8. Re1
Bd7 9. c3 O-O 10. e5 b5 11. Nf1 c4 12. d4 b4 13. Ne3 bxc3 14. bxc3 h6 15. h4
Rb8 16. Nh2 Qa5 17. Neg4 Qxc3 18. Bxh6 Rfd8 19. Nf6+ Bxf6 20. exf6 Nf5 21. Be3
Ncxd4 22. Qg4 Nc2 23. Rac1 Ba4 24. Qg5 Qa3 25. h5 Kh7 26. Bxa7 Nxe1 27. hxg6+
fxg6 28. Rxe1 Rb7 29. Rxe6 Qf8 30. Ra6 Bb5 31. Ra5 Qh6 32. Nf3 c3 33. f7 Qxg5
34. Nxg5+ Kh8 35. Bc5 c2 36. Ba3 Rf8 37. Bxd5 Bc6 38. Bxc6 Rb1+ 39. Kg2 Ne7 40.
Be8 c1=Q 41. Bxc1 Rxc1 42. Ne6 1-0

[Event "4NCL 3 South pool A"]
[Site "Telford, ENG ENG"]
[Date "2016.02.13"]
[Round "5.60"]
[White "Ressel, Eva"]
[Black "Taylor, Robert Graham"]
[Result "1/2-1/2"]
[WhiteElo "1589"]
[BlackElo "1992"]
[PlyCount "43"]
[EventDate "2016.02.13"]
[WhiteTeam "The Rookies"]
[BlackTeam "Rhyfelwyr Essyllwg"]

1. e4 c5 2. Nc3 Nc6 3. f4 g6 4. Nf3 Bg7 5. Bc4 d6 6. O-O Nf6 7. d3 O-O 8. Qe1
Nd4 9. Qh4 e6 10. f5 exf5 11. Bg5 Be6 12. Nxd4 cxd4 13. Nd5 Bxd5 14. Bxd5 h6
15. Bxf6 Qxf6 16. Qxf6 Bxf6 17. exf5 g5 18. Bxb7 Rab8 19. Bd5 Rb5 20. Bb3 Be5
21. Rae1 Kg7 22. Re4 1/2-1/2

[Event "4NCL 3 South pool A"]
[Site "Telford, ENG ENG"]
[Date "2016.02.13"]
[Round "5.65"]
[White "Ferrington, Nigel M"]
[Black "Sygnowski, Tomasz"]
[Result "0-1"]
[WhiteElo "2267"]
[BlackElo "2275"]
[PlyCount "82"]
[EventDate "2016.02.13"]
[WhiteTeam "Shropshire 1"]
[BlackTeam "Midland Monarchs 1"]

1. d4 Nf6 2. c4 g6 3. Nc3 Bg7 4. e4 d6 5. Nf3 O-O 6. Be2 Bg4 7. Be3 Nbd7 8. O-O
c5 9. d5 a6 10. a4 Qc7 11. Qd2 Rfe8 12. Bf4 Qb6 13. Rfe1 Nh5 14. Bg5 Qb4 15.
Nd1 Nhf6 16. Qxb4 cxb4 17. Nd2 Bxe2 18. Rxe2 Rac8 19. Rc1 b5 20. axb5 axb5 21.
b3 bxc4 22. Rxc4 Rxc4 23. Nxc4 Nc5 24. f3 Ra8 25. Bd2 Nxb3 26. Bxb4 Ra4 27.
Bxd6 exd6 28. Nxd6 Ra1 29. Re1 Bf8 30. Nc4 Bc5+ 31. Kh1 Rc1 32. Ncb2 Bd4 33.
Nd3 Ra1 34. g4 Nd7 35. Kg2 Ne5 36. Nf4 Nc4 37. Kh3 Nb2 38. Ne2 Ba7 39. d6 Rxd1
40. Rxd1 Nxd1 41. d7 Bb6 0-1

[Event "4NCL 3 South pool A"]
[Site "?"]
[Date "2016.02.13"]
[Round "5"]
[White "Cooper, Lawrence"]
[Black "Whyte, B."]
[Result "0-1"]
[WhiteElo "2350"]
[BlackElo "2066"]
[PlyCount "92"]
[EventDate "2008.??.??"]
[WhiteTeam "Shropshire 1"]
[BlackTeam "Midland Monarchs 1"]

1. e4 e5 2. Nf3 Nc6 3. Bb5 a6 4. Ba4 d6 5. Bxc6+ bxc6 6. d4 exd4 7. Nxd4 Ne7 8.
O-O c5 9. Ne2 Ng6 10. Nbc3 Be7 11. Ng3 O-O 12. f4 Rb8 13. Nd5 f6 14. Nf5 Rf7
15. c4 Bf8 16. b3 Ne7 17. Nfxe7+ Bxe7 18. f5 Bf8 19. Bb2 a5 20. Rf3 c6 21. Nc3
Qe8 22. Qd3 Ba6 23. Rg3 Kh8 24. Rf1 Rd7 25. Rd1 a4 26. Nxa4 d5 27. exd5 cxd5
28. Re3 Qh5 29. Re6 Bd6 30. g3 d4 31. Rde1 Bb7 32. Qe2 Qxe2 33. R1xe2 Rdd8 34.
g4 Bc6 35. Ba3 Bxa4 36. bxa4 h6 37. Rb2 Ra8 38. Rb6 Bf8 39. Rbc6 d3 40. Re1
Rxa4 41. Bxc5 d2 42. Rd1 Rxc4 43. Bxf8 Rxc6 44. Ba3 Rc3 45. Bb2 Rc2 46. Ba3 Rd3
0-1

[Event "4NCL 3 South pool A"]
[Site "Telford, ENG ENG"]
[Date "2016.02.13"]
[Round "5.67"]
[White "Hopkins, Jamie R"]
[Black "Grinsell, Lee A"]
[Result "1-0"]
[WhiteElo "2057"]
[BlackElo "2087"]
[PlyCount "89"]
[EventDate "2016.02.13"]
[WhiteTeam "Shropshire 1"]
[BlackTeam "Midland Monarchs 1"]

1. c4 Nf6 2. g3 c5 3. Bg2 Nc6 4. Nc3 d6 5. Nf3 e6 6. d4 cxd4 7. Nxd4 Nxd4 8.
Qxd4 Be7 9. O-O O-O 10. Rd1 Qa5 11. Nb5 e5 12. Qd3 Be6 13. Bd2 Qb6 14. Be3 Qd8
15. Bxb7 Rb8 16. Bf3 a6 17. Na7 e4 18. Bxe4 Rxb2 19. Nc6 Qc7 20. Bd4 Nxe4 21.
Nxe7+ Qxe7 22. Bxb2 Bh3 23. f3 Nc5 24. Qd4 f6 25. Kf2 Re8 26. e4 Nb7 27. Re1
Be6 28. Rac1 Qf7 29. Rc3 Qh5 30. Kg1 Qh3 31. Qf2 Nc5 32. Ba3 Qh5 33. Bxc5 dxc5
34. Qd2 Qf7 35. Qd3 h5 36. f4 h4 37. gxh4 Qh5 38. Qg3 Rd8 39. f5 Bf7 40. Rd3
Rd4 41. Rxd4 cxd4 42. c5 Be8 43. e5 fxe5 44. Rxe5 d3 45. f6 1-0

[Event "4NCL 3 South pool A"]
[Site "Telford, ENG ENG"]
[Date "2016.02.13"]
[Round "5.68"]
[White "Manelidou, Maria"]
[Black "Gostelow, David W"]
[Result "0-1"]
[WhiteElo "2110"]
[BlackElo "2050"]
[PlyCount "104"]
[EventDate "2016.02.13"]
[WhiteTeam "Midland Monarchs 1"]
[BlackTeam "Shropshire 1"]

1. e4 c5 2. Nf3 Nc6 3. d4 cxd4 4. Nxd4 e5 5. Nb5 a6 6. Nd6+ Bxd6 7. Qxd6 Qf6 8.
Qxf6 Nxf6 9. Nc3 Nb4 10. Bd3 h6 11. Be3 Nxd3+ 12. cxd3 d5 13. exd5 Bf5 14.
O-O-O Rc8 15. Kb1 O-O 16. Rhe1 Rfd8 17. Bb6 Rd6 18. Rxe5 Rxb6 19. Na4 Rb4 20.
b3 Bg6 21. Kb2 Rd8 22. a3 Rd4 23. Nc5 R4xd5 24. Rxd5 Rxd5 25. d4 Ne4 26. Nxb7
Nxf2 27. Rd2 Ne4 28. Rd1 Rb5 29. Nd8 Rg5 30. g3 Rf5 31. a4 Rf2+ 32. Ka3 Rxh2
33. Nc6 Rh3 34. a5 Nc3 35. Rg1 Nb5+ 36. Kb4 Be4 37. Nb8 Nc7 38. Kc5 Rh2 39. Rc1
Rb2 40. b4 Ne6+ 41. Kc4 Nc7 42. Kc5 f5 43. Kd6 Nb5+ 44. Ke5 Rxb4 45. Nxa6 Rxd4
46. Rc5 Bd3 47. Rc8+ Kf7 48. Nc5 Be4 49. a6 g5 50. Nxe4 Rxe4+ 51. Kd5 Ra4 52.
Rc6 Rxa6 0-1

[Event "4NCL 3 South pool A"]
[Site "Telford, ENG ENG"]
[Date "2016.02.13"]
[Round "5.69"]
[White "Bryant, Richard B E"]
[Black "Green, Michael"]
[Result "1-0"]
[WhiteElo "2057"]
[BlackElo "2027"]
[PlyCount "79"]
[EventDate "2016.02.13"]
[WhiteTeam "Shropshire 1"]
[BlackTeam "Midland Monarchs 1"]

1. e4 e6 2. d4 d5 3. Nc3 Nf6 4. e5 Nfd7 5. f4 c5 6. Nf3 Nc6 7. Be3 a6 8. Be2 b5
9. Qd2 Qb6 10. Nd1 cxd4 11. Nxd4 Nxd4 12. Bxd4 Bc5 13. c3 b4 14. Nf2 a5 15. O-O
O-O 16. Rad1 Ba6 17. Bxa6 Rxa6 18. Qe2 Ra7 19. Qe3 Rc8 20. Ng4 Bxd4 21. cxd4 a4
22. Qg3 Rc2 23. Nf6+ Nxf6 24. exf6 g6 25. Qg5 Qd8 26. f5 Qf8 27. fxg6 fxg6 28.
Qe5 Kf7 29. Rde1 Qc8 30. Qe3 Ra6 31. Qh6 Qg8 32. Re3 Ra7 33. Rh3 Ke8 34. Qf4
Kf7 35. Qd6 Rxb2 36. Re1 Kxf6 37. Rxe6+ Kf7 38. Rf3+ Kg7 39. Qe5+ Kh6 40. Rh3#
1-0

[Event "4NCL 3 South pool A"]
[Site "Telford, ENG ENG"]
[Date "2016.02.13"]
[Round "5.70"]
[White "Serbanescu, Diana-Maria"]
[Black "Paul, Nathanael"]
[Result "1-0"]
[WhiteElo "2032"]
[BlackElo "2027"]
[PlyCount "69"]
[EventDate "2016.02.13"]
[WhiteTeam "Midland Monarchs 1"]
[BlackTeam "Shropshire 1"]

1. e4 c6 2. c4 d5 3. exd5 cxd5 4. cxd5 Nf6 5. Nc3 Nxd5 6. d4 Nc6 7. Nf3 Bg4 8.
Bc4 e6 9. O-O Nxc3 10. bxc3 Bd6 11. h3 h5 12. Re1 Kf8 13. hxg4 hxg4 14. Ng5 g3
15. Qf3 Qf6 16. Qxf6 gxf6 17. Ne4 gxf2+ 18. Kxf2 Be7 19. Rb1 Na5 20. Bf1 Rc8
21. Re3 f5 22. Nd2 Bh4+ 23. Ke2 b6 24. Kd3 Ke7 25. Rh3 e5 26. dxe5 Nc6 27. Nf3
Bf2 28. Rxh8 Rxh8 29. Bg5+ Ke6 30. Nd4+ Bxd4 31. cxd4 Rg8 32. Be3 f6 33. Kd2
Rd8 34. Bc4+ Ke7 35. Rh1 1-0

[Event "4NCL 3 South pool A"]
[Site "Telford, ENG ENG"]
[Date "2016.02.13"]
[Round "5.75"]
[White "Scott, Gordon W"]
[Black "Cole, James"]
[Result "1-0"]
[WhiteElo "2163"]
[BlackElo "1975"]
[PlyCount "31"]
[EventDate "2016.02.13"]
[WhiteTeam "Anglian Avengers 2"]
[BlackTeam "Oxford 2"]

1. d4 Nf6 2. c4 g6 3. Nc3 d5 4. cxd5 Nxd5 5. Bd2 Bg7 6. e4 Nb6 7. Be3 O-O 8.
Nf3 Bg4 9. Be2 Nc6 10. d5 Bxf3 11. gxf3 Na5 12. Bd4 Qd6 13. Bxg7 Kxg7 14. Qd2
c6 15. Rc1 Nd7 16. Nb1 1-0

[Event "4NCL 3 South pool A"]
[Site "Telford, ENG ENG"]
[Date "2016.02.13"]
[Round "5.77"]
[White "Wallis, Ian J"]
[Black "Terry, Sean"]
[Result "1/2-1/2"]
[WhiteElo "2125"]
[BlackElo "1908"]
[PlyCount "241"]
[EventDate "2016.02.13"]
[WhiteTeam "Anglian Avengers 2"]
[BlackTeam "Oxford 2"]

1. e4 c5 2. Nf3 Nc6 3. d4 cxd4 4. Nxd4 Nf6 5. Nc3 d6 6. Bg5 Qa5 7. Bxf6 gxf6 8.
Qd2 Bd7 9. O-O-O a6 10. Nb3 Qd8 11. Kb1 e6 12. Be2 h5 13. f4 Qc7 14. Rde1 h4
15. Qd1 Bh6 16. f5 O-O-O 17. Bg4 Bf4 18. fxe6 fxe6 19. Ne2 Be5 20. c3 Kb8 21.
Qd2 Bc8 22. Nf4 Qg7 23. h3 Rde8 24. Rhf1 Qg5 25. Nd3 Bg3 26. Rd1 Rhf8 27. Qc2
Ne5 28. Nxe5 Bxe5 29. Nd2 Bg3 30. Nc4 d5 31. exd5 exd5 32. Bxc8 Rxc8 33. Nb6
Rcd8 34. Rf5 Qg6 35. Rfxd5 Qxc2+ 36. Kxc2 Rxd5 37. Nxd5 Be5 38. Nb6 Rg8 39.
Nd7+ Kc7 40. Nxe5 fxe5 41. Rd2 Rg3 42. a4 b6 43. b4 Kc6 44. Kb3 b5 45. a5 Kc7
46. Rd5 e4 47. Rh5 e3 48. Rxh4 e2 49. Re4 Rxg2 50. h4 Rh2 51. h5 Rxh5 52. Rxe2
Rh6 53. Kc2 Kd7 54. Re5 Rg6 55. Kd3 Rf6 56. Rd5+ Kc6 57. Rh5 Rg6 58. Rh7 Kd5
59. Rc7 Rg3+ 60. Kd2 Rh3 61. Rg7 Rh2+ 62. Kd3 Rh3+ 63. Kc2 Rh2+ 64. Kb3 Rh6 65.
Rg8 Rf6 66. Rc8 Rh6 67. Rc5+ Kd6 68. Rg5 Kc6 69. Re5 Kd6 70. Re3 Rh4 71. Rg3
Rh6 72. Rd3+ Kc6 73. c4 bxc4+ 74. Kxc4 Rh4+ 75. Kb3 Kc7 76. Rc3+ Kb7 77. Rg3
Rf4 78. Rg7+ Kb8 79. Rg6 Kb7 80. Rb6+ Ka7 81. Kc3 Rh4 82. Rd6 Kb7 83. Rd7+ Kc6
84. Rg7 Rh3+ 85. Kc4 Rh4+ 86. Kb3 Rh6 87. Ka4 Rf6 88. Ra7 Kd5 89. Rc7 Rc6 90.
Rg7 Rf6 91. Rb7 Rh6 92. Rb8 Rg6 93. Rd8+ Kc6 94. Ra8 Kb7 95. Rh8 Ka7 96. Rh7+
Ka8 97. Kb3 Rc6 98. Rh5 Kb7 99. Rh7+ Kb8 100. Rg7 Ka8 101. b5 axb5 102. Kb4 Rf6
103. Rg5 Ka7 104. Kxb5 Rh6 105. Rf5 Rg6 106. Rf7+ Ka8 107. Rh7 Kb8 108. Rh4
Rg5+ 109. Kb6 Rg6+ 110. Kc5 Rg5+ 111. Kb4 Ka7 112. Ka4 Ka6 113. Rh6+ Ka7 114.
Rb6 Rh5 115. Rf6 Rg5 116. Kb4 Rh5 117. Rf7+ Ka6 118. Rf8 Ka7 119. Rf7+ Ka6 120.
Rf8 Ka7 121. Rf7+ 1/2-1/2

[Event "4NCL 3 South pool A"]
[Site "Telford, ENG ENG"]
[Date "2016.02.13"]
[Round "5.78"]
[White "Neatherway, A Philip"]
[Black "Peck, Silas"]
[Result "0-1"]
[WhiteElo "1837"]
[BlackElo "1902"]
[PlyCount "52"]
[EventDate "2016.02.13"]
[WhiteTeam "Oxford 2"]
[BlackTeam "Anglian Avengers 2"]

1. e4 e5 2. Nf3 Nc6 3. d4 exd4 4. Nxd4 Bc5 5. Nb3 Bb6 6. Nc3 d6 7. a4 a6 8. a5
Ba7 9. Qe2 Nge7 10. Be3 Bxe3 11. Qxe3 O-O 12. Be2 f5 13. O-O-O fxe4 14. Nxe4
Nf5 15. Qd2 Be6 16. Qc3 Qh4 17. Bd3 Rae8 18. g3 Qh6+ 19. f4 Kh8 20. Ng5 Bg8 21.
Rhe1 Ne3 22. Rd2 Nd5 23. Rxe8 Rxe8 24. Re2 Rxe2 25. Qc4 Re1+ 26. Kd2 Rd1+ 0-1

[Event "4NCL 3 South pool A"]
[Site "Telford, ENG ENG"]
[Date "2016.02.13"]
[Round "5.79"]
[White "Burnett, Leon P"]
[Black "Cole, Graham"]
[Result "1-0"]
[WhiteElo "1952"]
[BlackElo "1825"]
[PlyCount "71"]
[EventDate "2016.02.13"]
[WhiteTeam "Anglian Avengers 2"]
[BlackTeam "Oxford 2"]

1. c4 Nf6 2. g3 g6 3. Bg2 Bg7 4. Nc3 O-O 5. e4 d6 6. Nge2 e5 7. O-O Be6 8. d3
c6 9. h3 Qd7 10. Kh2 Na6 11. f4 h5 12. Ng1 Nc7 13. Nf3 Nh7 14. Nh4 exf4 15.
gxf4 Qe7 16. Nf3 Rad8 17. Qe2 Rfe8 18. Be3 b6 19. d4 d5 20. cxd5 cxd5 21. Ne5
Bxe5 22. fxe5 dxe4 23. Nxe4 Bd5 24. Nd6 Bxg2 25. Kxg2 Rxd6 26. exd6 Qxd6 27.
Qf3 f5 28. Bf4 Qd7 29. Rae1 Rxe1 30. Rxe1 Nf6 31. Be5 Ne4 32. Rc1 Nd5 33. Qb3
Qe6 34. Qf3 Kf7 35. Re1 a5 36. Rxe4 1-0

[Event "4NCL 3 South pool A"]
[Site "Telford, ENG ENG"]
[Date "2016.02.13"]
[Round "5.80"]
[White "Idle, Oscar"]
[Black "Sheerin, Alex"]
[Result "1-0"]
[WhiteElo "1840"]
[BlackElo "1780"]
[PlyCount "85"]
[EventDate "2016.02.13"]
[WhiteTeam "Oxford 2"]
[BlackTeam "Anglian Avengers 2"]

1. d4 Nf6 2. Nf3 g6 3. g3 Bg7 4. c4 O-O 5. Bg2 d6 6. O-O Nbd7 7. Nc3 e5 8. e4
Re8 9. d5 Nc5 10. Qc2 a5 11. Ne1 Nfd7 12. Be3 Rf8 13. f4 exf4 14. Bxf4 Ne5 15.
Na4 Nxa4 16. Qxa4 Qe7 17. Rc1 f5 18. Qc2 fxe4 19. Bxe4 Bf5 20. Bxf5 Rxf5 21.
Rf2 Raf8 22. Nd3 Nxd3 23. Qxd3 g5 24. Bxd6 Qf6 25. Rxf5 Qxf5 26. Qxf5 Rxf5 27.
Bxc7 Bxb2 28. Rf1 Bd4+ 29. Kg2 Rxf1 30. Kxf1 Kf7 31. Bxa5 Bc5 32. Kg2 b6 33.
Bc3 Kg6 34. Kf3 Kf7 35. Ke4 Ke7 36. Bd4 Bb4 37. Bxb6 Kd7 38. c5 Bc3 39. a4 Be1
40. a5 Bf2 41. a6 Kc8 42. d6 Bg1 43. a7 1-0

[Event "4NCL 3 South pool A"]
[Site "Telford, ENG ENG"]
[Date "2016.02.13"]
[Round "5.85"]
[White "Rudd, Jack"]
[Black "Hall, John"]
[Result "1-0"]
[WhiteElo "2257"]
[BlackElo "2181"]
[PlyCount "85"]
[EventDate "2016.02.13"]
[WhiteTeam "West is Best 1"]
[BlackTeam "Leeds University Old Boys"]

1. d4 Nf6 2. c4 c5 3. d5 e6 4. Nc3 exd5 5. cxd5 d6 6. Nf3 g6 7. Bf4 a6 8. a4
Bg7 9. e4 Bg4 10. Bd3 O-O 11. O-O Nh5 12. Be3 Nd7 13. Be2 Bxf3 14. Bxf3 Nhf6
15. Bf4 Qe7 16. h3 h5 17. Qd2 Nh7 18. Rae1 Qf6 19. Be2 Qd4 20. Qc1 Ne5 21. Be3
Qb4 22. f4 Nc4 23. Na2 Nxe3 24. Nxb4 Nxf1 25. Bxf1 cxb4 26. e5 Bh6 27. Qc4 a5
28. exd6 Rad8 29. f5 gxf5 30. Re5 Nf6 31. Rxf5 Rxd6 32. Qh4 Bg7 33. Qg3 Rfd8
34. Rg5 Ne8 35. Bb5 Kf8 36. Bxe8 Bd4+ 37. Kh1 Kxe8 38. Qd3 Bf6 39. Rxh5 Kf8 40.
Qd2 Rc8 41. Rf5 b3 42. Qf4 Ke7 43. Rxf6 1-0

[Event "4NCL 3 South pool A"]
[Site "Telford, ENG ENG"]
[Date "2016.02.13"]
[Round "5.86"]
[White "Wojciechowski, Paul"]
[Black "Edgell, Ben P"]
[Result "1/2-1/2"]
[WhiteElo "1999"]
[BlackElo "2135"]
[PlyCount "60"]
[EventDate "2016.02.13"]
[WhiteTeam "Leeds University Old Boys"]
[BlackTeam "West is Best 1"]

1. e4 c6 2. d4 d5 3. Nc3 dxe4 4. Nxe4 Nd7 5. Nf3 Ngf6 6. Nxf6+ Nxf6 7. Bd3 Bg4
8. c3 Qd5 9. Bf4 e6 10. h3 Bxf3 11. Qxf3 Qxf3 12. gxf3 O-O-O 13. O-O-O Nh5 14.
Bg3 Bd6 15. Rhg1 g6 16. Kc2 Bf4 17. Bc4 b5 18. Bd3 Kc7 19. Rde1 Rhe8 20. Re4
Bd6 21. b3 f5 22. Re2 Bf4 23. b4 a5 24. a3 axb4 25. axb4 Ra8 26. Kb3 Ra7 27.
Bb1 Kd6 28. Ra2 Rxa2 29. Bxa2 e5 30. dxe5+ Rxe5 1/2-1/2

[Event "4NCL 3 South pool A"]
[Site "Telford, ENG ENG"]
[Date "2016.02.13"]
[Round "5.87"]
[White "Littlejohns, David P"]
[Black "Mossong, Hubert"]
[Result "1/2-1/2"]
[WhiteElo "2000"]
[BlackElo "2028"]
[PlyCount "79"]
[EventDate "2016.02.13"]
[WhiteTeam "West is Best 1"]
[BlackTeam "Leeds University Old Boys"]

1. e4 c5 2. Nc3 Nc6 3. g3 g6 4. Bg2 Bg7 5. d3 e6 6. f4 Nge7 7. Nf3 d5 8. e5 O-O
9. O-O a6 10. a4 Bd7 11. Bd2 Qc7 12. Kh1 Nb4 13. Ne2 a5 14. Bxb4 axb4 15. b3 b5
16. axb5 Bxb5 17. Qd2 Ra3 18. Rxa3 bxa3 19. Nc3 Bd7 20. Ra1 Ra8 21. Nb1 f6 22.
Rxa3 Rxa3 23. Nxa3 fxe5 24. Nxe5 Bxe5 25. fxe5 Qxe5 26. c3 Nf5 27. Nc2 Qb8 28.
b4 cxb4 29. Nxb4 Qa7 30. Qe1 Qe3 31. Qxe3 Nxe3 32. Kg1 Bb5 33. Bf3 Nf5 34. Kf2
Kf7 35. Be2 Ke7 36. Nc2 Kd6 37. Ne3 e5 38. g4 Nxe3 39. Kxe3 g5 40. Bd1 1/2-1/2

[Event "4NCL 3 South pool A"]
[Site "Telford, ENG ENG"]
[Date "2016.02.13"]
[Round "5.88"]
[White "Deighton, Simon"]
[Black "Bullen, Alex"]
[Result "1/2-1/2"]
[WhiteElo "1997"]
[BlackElo "2016"]
[PlyCount "55"]
[EventDate "2016.02.13"]
[WhiteTeam "Leeds University Old Boys"]
[BlackTeam "West is Best 1"]

1. d4 d5 2. c4 e6 3. Nc3 Nf6 4. cxd5 exd5 5. Bg5 Nbd7 6. e3 c6 7. Bd3 Be7 8.
Qc2 Nh5 9. Bxe7 Qxe7 10. Nge2 g6 11. O-O-O Nb6 12. Kb1 Bd7 13. Ng3 Nxg3 14.
hxg3 O-O-O 15. Na4 Nxa4 16. Qxa4 Kb8 17. Rc1 c5 18. Qa3 Qf6 19. Rxc5 Qxf2 20.
Ra5 Qxe3 21. Rxa7 Qxd3+ 22. Qxd3 Bf5 23. Qxf5 gxf5 24. Ra3 Rde8 25. Rf3 Re2 26.
Rxf5 Rxg2 27. Rxd5 Rxg3 28. Rf5 1/2-1/2

[Event "4NCL 3 South pool A"]
[Site "Telford, ENG ENG"]
[Date "2016.02.13"]
[Round "5.89"]
[White "Taylor, William J"]
[Black "Clark, William G Bill"]
[Result "1/2-1/2"]
[WhiteElo "1966"]
[BlackElo "1930"]
[PlyCount "76"]
[EventDate "2016.02.13"]
[WhiteTeam "West is Best 1"]
[BlackTeam "Leeds University Old Boys"]

1. e4 c5 2. Nf3 d6 3. d4 cxd4 4. Nxd4 Nf6 5. Nc3 a6 6. Be2 e5 7. Nb3 Be6 8. O-O
Be7 9. a4 b6 10. Bf3 Nbd7 11. Re1 h6 12. Nd2 Qc7 13. Nf1 O-O 14. Ne3 Rac8 15.
Ncd5 Bxd5 16. exd5 e4 17. Nf5 Rfe8 18. Bxe4 Bf8 19. Bd3 Rxe1+ 20. Qxe1 Nc5 21.
Bc4 Re8 22. Qd1 Re5 23. Ne3 Qb7 24. b4 Ncd7 25. Bb2 Re8 26. Qd3 a5 27. bxa5
bxa5 28. Bb5 Rc8 29. Nc4 Qxd5 30. Nxa5 Qh5 31. Bd4 Ne5 32. Bxe5 dxe5 33. Nc4
Bc5 34. h3 Qh4 35. Qe2 Ne4 36. Ne3 Bd4 37. Re1 f5 38. Nd1 g5 1/2-1/2

[Event "4NCL 3 South pool A"]
[Site "Telford, ENG ENG"]
[Date "2016.02.13"]
[Round "5.90"]
[White "Harvey, John"]
[Black "Hassall, Mark I"]
[Result "0-1"]
[WhiteElo "1817"]
[BlackElo "1945"]
[PlyCount "58"]
[EventDate "2016.02.13"]
[WhiteTeam "Leeds University Old Boys"]
[BlackTeam "West is Best 1"]

1. e4 c5 2. Nf3 e6 3. d4 cxd4 4. Nxd4 a6 5. Nc3 Qc7 6. Bd3 Nf6 7. O-O Nc6 8.
Be3 Be7 9. Qe2 d6 10. f4 O-O 11. Kh1 Bd7 12. Rae1 b5 13. f5 Ne5 14. h3 b4 15.
Nd1 Qb7 16. Bc1 a5 17. Nf2 Rad8 18. Ng4 Nxd3 19. cxd3 e5 20. Nc2 Bb5 21. Rf3 d5
22. exd5 Nxg4 23. hxg4 Rxd5 24. g5 Rfd8 25. f6 Bc5 26. Qe4 Qa6 27. Rh3 Bxd3 28.
Qh4 Bxc2 29. fxg7 Rd1 0-1